Juan Antonio Corretjer, poeta nacional puertorriqueño (Record no. 173352)

MARC details
000 -LEADER
campo de control de longitud fija 00726nam a2200193 i 4500
001 - NÚMERO DE CONTROL
campo de control 173352
003 - IDENTIFICADOR DE NÚMERO DE CONTROL
campo de control ES-MaACL
005 - FECHA Y HORA DE LA ÚLTIMA TRANSACCIÓN
campo de control 20230906215223.0
008 - DATOS DE LONGITUD FIJA--INFORMACIÓN GENERAL
campo de control de longitud fija 091127s1984 pr |||| |dspa d
080 ## - NÚMERO DE LA CLASIFICACIÓN DECIMAL UNIVERSAL
Número de la Clasificación Decimal Universal 860(729.5) Corretjer, Juan Antonio 1.06
100 1# - ENTRADA PRINCIPAL--NOMBRE DE PERSONA
Nombre de persona Medina López, Ramón Felipe.
9 (RLIN) 141647
245 10 - MENCIÓN DEL TÍTULO
Título Juan Antonio Corretjer, poeta nacional puertorriqueño
Resto del título : cuarenta años de poesía (1927-1967) /
Mención de responsabilidad, etc. Ramón Felipe Medina López.
260 ## - PUBLICACIÓN, DISTRIBUCIÓN, ETC.
Lugar de publicación, distribución, etc. San Juan de Puerto Rico :
Nombre del editor, distribuidor, etc. Instituto de Cultura Puertorriqueña,
Fecha de publicación, distribución, etc. 1984.
300 ## - DESCRIPCIÓN FÍSICA
Extensión 207 p. ;
Dimensiones 24 cm.
500 ## - NOTA GENERAL
Nota general Índices.
600 14 - PUNTO DE ACCESO ADICIONAL DE MATERIA--NOMBRE DE PERSONA
Nombre de persona Corretjer, Juan Antonio.
9 (RLIN) 40783
710 2# - ENTRADA AGREGADA--NOMBRE DE ENTIDAD CORPORATIVA
Nombre de entidad corporativa o nombre de jurisdicción como elemento de entrada Instituto de Cultura Puertorriqueña.
9 (RLIN) 4858
852 ## - LOCALIZACIÓN
Ubicación ES-MaACL
Número de control de estantería C-56983
Holdings
Estatus retirado Estado de pérdida Estado de daño No para préstamo Biblioteca de origen Biblioteca actual Ubicación en estantería Fecha de adquisición Fuente de adquisición Total de préstamos Signatura topográfica completa Código de barras Visto por última vez Precio de reemplazo Tipo de ítem Koha
        Biblioteca del Ateneo de Madrid Biblioteca del Ateneo de Madrid Depósito 2 27/11/2009     C-56983 1181929 23/02/2023 23/02/2023 Libro impreso